Problémy pri výpočte ekonomickej pridanej hodnoty

Ukazovateľ EVA. Výpočet ukazovateľa EVA. Problémy výpočtu ekonomickej pridanej hodnoty.

Guardado en:
Detalles Bibliográficos
Autor principal: Janisová, Marianna
Formato: Capítulo de libro
Lenguaje:eslovaco
Materias:
Etiquetas: Agregar Etiqueta
Sin Etiquetas, Sea el primero en etiquetar este registro!

MARC

LEADER 00000naa$a2200000$$$4500
001 0145421
005 20240502072622.0
041 0 |a slo 
044 |a SK 
245 1 0 |a Problémy pri výpočte ekonomickej pridanej hodnoty  |c Marianna Janisová 
520 |a Ukazovateľ EVA. Výpočet ukazovateľa EVA. Problémy výpočtu ekonomickej pridanej hodnoty. 
610 2 0 |a ukazovateľ EVA 
610 2 0 |a hodnota pridaná ekonomická 
610 2 0 |a kapitál 
610 2 0 |a náklady 
610 2 0 |a zisk 
610 2 0 |a výnosy 
610 2 0 |a dane z príjmov 
100 1 |a Janisová, Marianna